| 000 | 02424nam a2200253 a 4500 | ||
|---|---|---|---|
| 999 |
_c781 _d781 |
||
| 003 | AR-BaISA | ||
| 005 | 20220322110009.0 | ||
| 007 | ta | ||
| 008 | 220321s2021 sp ad||f |||| 001 0 spa d | ||
| 020 | _a9788491138822 | ||
| 040 |
_bspa _cAR-BaISA |
||
| 082 | 0 | 4 |
_222 _a610.730 699 B219 |
| 100 |
_91859 _aBalzer Riley, Julia |
||
| 245 | 1 | 0 |
_aComunicación en enfermería / _cJulia Balzer Riley |
| 250 | _a9a. ed. | ||
| 260 |
_aBarcelona : _bElsevier, _c2021 |
||
| 300 |
_a334 p. : _bil., gráfs., tablas |
||
| 504 | _aBibliografía al final de cada capítulo. | ||
| 504 | _aÍndice analítico p.: 324-334. | ||
| 505 |
_tPREPARAR LAS MALETAS PARA EL VIAJE DE LA COMUNICACIÓN ASISTENCIAL, ASERTIVA Y RESPONSABLE: _tComunicación asistencial, asertiva y responsable en enfermería -- _tRelación entre el paciente y el profesional de enfermería: una relación de ayuda -- _tEmpiece por usted: el conocimiento de uno mismo para construir la base para el aprendizaje de la comunicación _tResolución conjunta de problemas -- _tEntendimiento mutuo: comunicación y cultura -- _tRESPETAR A LOS COMPAÑEROS DE VIAJE: _tDemostración de calidez -- _tDemostración de respeto -- _tAutenticidad -- _tEmpatía -- _tUso de la autorrevelación -- _tEspecificidad -- _tCómo hacer preguntas -- _tExpresión de opiniones -- _tUso del humor -- _tEspiritualidad en la atención sanitaria: encontrar el sentido -- _tDESARROLLO DE PRÁCTICAS ÚTILES A LO LARGO DEL CAMINO: _tSolicitud de apoyo -- _tSuperación de la ansiedad por evaluación -- _tTrabajo con retroalimentación -- _tUso de técnicas de relajación para aumentar la atención -- _tIncorporación de la visualización en la práctica profesional y el autocuidado -- _tIncorporación del diálogo interno positivo -- _tAprendizaje del trabajo en grupo -- _tNavegación por el mundo en expansión de la comunicación digital -- _tACEPTACIÓN DEL PROCESO TRANSFORMADOR DEL VIAJE: _tAprendizaje de habilidades de confrontación -- _tRechazo de peticiones no razonables -- _tComunicación asertiva y responsable con pacientes y compañeros angustiados -- _tComunicación asertiva y responsable con pacientes y compañeros «difíciles» -- _tGestión asertiva y responsable de los conflictos en los equipos de trabajo -- _tComunicación con pacientes terminales -- _tCompromiso continuo con el viaje |
||
| 650 | 1 | 0 |
_91396 _aComunicación en salud |
| 650 | 1 | 0 |
_94 _aEnfermería |
| 942 |
_2ddc _cLI |
||